01372nam a22002414c 4500003000900000008004100009020001800050040003100068041001900099080001000118100002300128245002900151250002200180264003700202300004100239336002700280337003300307338002800340520067900368521002501047650002401072700003401096AR-BaSMT230616t2025 aga|||br|||| 00| 1 spa d a9789504990789 aBSGBbespañolcBSGBerda0 aspahespañol a82-311 aBonelli, Florencia13aEl príncipe del bosque aprimera edición aBuenos Aires : bPlaneta, c2025 a72 páginas : bilustraciones color 2rdacontentatextobtxt 2rdamediaasin mediaciónbn 2rdacarrieravolumenbnc1 aUna historia sobre la amistad y el valor de la verdad. Alertado por su mejor amiga Emma, el príncipe Gabriel debe huir al bosque mágico con su perra Gypsy, para escapar de quienes derrocaron a su padre, el rey Kael del Reino de la Alegría. En el bosque no solo deberá ganarse la confianza de los animales que allí habitan y del sabio ombú, sino que también tendrá que aprender a oír y a observar, hasta que llegue el momento de recuperar lo que le fue arrebatado. En esta historia de amistad, humildad y valentía, Florencia Bonelli nos sumerge en un universo mágico y nos recuerda el valor de la verdad y de luchar por lo que creemos correcto.uPortada aA partir de 9 años 7aLITERATURA INFANTIL1 aMorón, MartíneIlustrador